| 000 | 00742nam a2200205 a 4500 | ||
|---|---|---|---|
| 001 | 000027839 | ||
| 005 | 20200930031134.0 | ||
| 008 | 110405s1994 dr ac 000 0 spa d | ||
| 040 |
_aDO-SdBNP _bspa _cBNPHU |
||
| 041 | 1 | 7 |
_aspa _heng _2Código de idioma MARC |
| 082 |
_axxx _bB213c |
||
| 245 | 0 | 1 |
_aBanco Central de la República Dominicana : _bperfil 1994-1995 / _ctraducción Carmen Nadal de Frau...[et. al]. |
| 260 |
_aSanto Domingo : _bBanco Central de la República Dominicana, _c[1994]. |
||
| 300 |
_a174 p. : _bil., retrs. ; _c28 cm. |
||
| 700 | 1 | 2 |
_aNadal de Frau, Carmen _etr. _954915 |
| 700 | 1 | 2 |
_aPagan Caballero, Cristina _etr. _954916 |
| 700 | 1 |
_aValverde, Luis _etr. _954917 |
|
| 700 | 1 |
_aFaber, Leonard _etr. _954918 |
|
| 049 | _aBNPD | ||
| 999 |
_c27331 _d27331 |
||